000 00450nam a2200133Ia 4500
008 260210s9999 xx 000 0 und d
024 _a15B-17-EL, 15B-38-EL, 15B-41-EL & 15B-90-EL
082 _a629.8072 SYE
100 _aSyed Ather Rizvi, Urooj Hanif, Sabih-ur-Rehman & Sharoon Johnson
245 0 _aIoT Based PLC Trainer
260 _aKarachi:
_bUITU,
_c2015
600 _aElectronic Engineering
650 _aBachelor of Engineering (BE)
999 _c33240
_d33240